000 01020nam2a22002651 4500
001 RU\NLR\INFOCOMM5\1000357560
005 20260607121305.0
035 _a(NLR Aleph) 002540871
090 _a13725136
_c13725136
100 _a20040513d1959 |||y0rusy50 ca
101 0 _arus
102 _aUA
105 _ay |||||||||
200 1 _aНанесение металлопокрытий методом испарения в вакууме
_hВып.2
_fР.С. Вальбе, В.Т. Пирогова
210 _d1959
461 0 _1001RU\NLR\INFOCOMM5\1000357556
_12001#$aСборник переводов и аннотаций$fГосплан УССР. Науч.-исслед. ин-т местной и топливной пром. "НИИ Месттоппром"$v№44
700 1 _aВальбе
_bР. С.
_4070
701 1 _aПирогова
_bВ. Т.
_4070
801 0 _aRU
_bNLR
_gPSBO
801 1 _aRU
_bInfoComm
_c20040513
852 _aNLR
_jП11/1845
942 _cISSUE
980 _aRUSPER
980 _aNB